MARC

LEADER 00000nam0a2200000 4500
001 119468
005 20231031124617.0
035 |a (RuTPU)RU\TPU\book\129298 
090 |a 119468 
100 |a 20070705d1955 km y0rusy50 ca 
101 0 |a rus 
102 |a RU 
105 |a a z 001zy 
200 1 |a Химия нефти  |f С. С. Наметкин  |g Академия наук СССР (АН СССР) 
210 |a Москва  |c Изд-во АН СССР  |d 1955 
215 |a 799 с.  |c ил. 
320 |a Библиография в конце глав. 
610 1 |a химия 
610 1 |a нефть 
610 1 |a состав 
610 1 |a свойства 
610 1 |a происхождение 
610 1 |a переработка 
610 1 |a очистка 
610 1 |a нефтепродукты 
610 1 |a качество 
610 1 |a повышение 
675 |a 665.5  |v 3 
700 1 |a Наметкин  |b С. С.  |g Сергей Семенович 
712 0 2 |a Академия наук СССР (АН СССР)  |2 stltpush  |3 (RuTPU)RU\TPU\col\722 
801 1 |a RU  |b 63413507  |c 20070705  |g PSBO 
801 2 |a RU  |b 63413507  |c 20091119  |g PSBO 
942 |c BK